000 00664cam a2200217 4500
008 090401t1989 xxu||||| |||| 00| 0 eng d
020 _a0117521787
035 _a(Sirsi) u35965
041 _aeng
050 _a614.712
110 _aUnited Kingdom
_bDepartment of the Environment
_9982
245 4 _aThe effects of acid deposition on buildings and building materials in the United Kingdom; Building Effects Review Group report
260 _aLondon
_bHMSO
_c1989
300 _axiv,106p.,4p. of plates : ill. ; 30cm.
350 _a11.25
650 _aACID RAIN
650 _aHISTORIC BUILDINGS
650 _aPOLLUTION
942 _n0
948 _c04/03/1997
999 _c90168
_d90168